000 01236cam a2200325 a 4500
001 15955856
003 OSt
005 20150408114045.0
008 091022s2010 au a b 000 0 engo
010 _a 2009939839
020 _a9783211798911
040 _aDLC
_cMU
_dDLC
042 _apcc
050 0 0 _b.C46 2010
082 _221
_a616.41 C H M
245 0 0 _aChronic myeloid neoplasias and clonal overlap syndromes :
_bepidemiology, pathophysiology and treatment options /
_cRichard Greil ... [et al. ], editors.
260 _aWien :
_bSpringer,
_cc2010.
300 _axi, 292 p. :
_bill. ;
_c29 cm.
504 _aIncludes bibliographical references.
650 4 _aMyeloproliferative disorders
_xEpidemiology.
_916017
650 4 _aMyeloid leukemia
_xEpidemiology.
_916018
650 4 _aMyeloproliferative disorders
_xPathophysiology.
_916019
650 4 _aMyeloid leukemia
_xPathophysiology.
_916020
650 4 _aMyeloproliferative disorders
_xTreatment.
_916021
650 4 _aMyeloid leukemia
_xTreatment.
_916022
700 1 _aGreil, Richard.
_916023
906 _a7
_bcbc
_corignew
_d2
_eepcn
_f20
_gy-gencatlg
942 _2ddc
_cDVD
999 _c24197
_d258697